Legislación de la propiedad literaria en España (Record no. 153724)

MARC details
000 -LEADER
campo de control de longitud fija 00848nam a22002055i 4500
001 - NÚMERO DE CONTROL
campo de control 153724
003 - IDENTIFICADOR DE NÚMERO DE CONTROL
campo de control ES-MaACL
005 - FECHA Y HORA DE LA ÚLTIMA TRANSACCIÓN
campo de control 20250827062627.0
008 - DATOS DE LONGITUD FIJA--INFORMACIÓN GENERAL
campo de control de longitud fija 981204s1863 sp |||| | spa d
040 ## - FUENTE DE CATALOGACIÓN
Centro catalogador/agencia de origen CCPB | B
Lengua de catalogación spa
Centro/agencia transcriptor CCPB | B
110 1# - ENTRADA PRINCIPAL--NOMBRE DE ENTIDAD CORPORATIVA
Nombre de entidad corporativa o nombre de jurisdicción como elemento de entrada España
9 (RLIN) 3622
240 10 - TÍTULO UNIFORME
Título uniforme Leyes, etc., de propiedad intelectual
245 10 - MENCIÓN DEL TÍTULO
Título Legislación de la propiedad literaria en España
Resto del título : precedida de las discusiones habidas en las cortes con motivo de la ley de 10 de junio de 1847, y seguida de notas y comentarios por un abogado de esta corte.
260 ## - PUBLICACIÓN, DISTRIBUCIÓN, ETC.
Lugar de publicación, distribución, etc. Madrid :
Nombre del editor, distribuidor, etc. Librería de Moya y Plaza,
Fecha de publicación, distribución, etc. 1863 (
Fabricante Imprenta de Matute y Compagni)
300 ## - DESCRIPCIÓN FÍSICA
Extensión 268 p. ;
Dimensiones 22 cm.
650 04 - PUNTO DE ACCESO ADICIONAL DE MATERIA--TÉRMINO DE MATERIA
Término de materia o nombre geográfico como elemento de entrada Propiedad intelectual-
Subdivisión geográfica España
9 (RLIN) 16489
852 ## - LOCALIZACIÓN
Ubicación ES-MaACL
Número de control de estantería F-1828
Nota libre -- Rust.
852 ## - LOCALIZACIÓN
Ubicación ES-MaACL
Número de control de estantería C-3465
Nota libre -- Rúst.
Holdings
Estatus retirado Estado de pérdida Estado de daño No para préstamo Colección Biblioteca de origen Biblioteca actual Ubicación en estantería Fecha de adquisición Fuente de adquisición Total de préstamos Signatura topográfica completa Código de barras Visto por última vez Precio de reemplazo Tipo de ítem Koha
        Libros del s. XIX Biblioteca del Ateneo de Madrid Biblioteca del Ateneo de Madrid Sala Palomar 17/01/2008     C-3465 1160710 23/02/2023 23/02/2023 Libro impreso antiguo
        Libros del s. XIX Biblioteca del Ateneo de Madrid Biblioteca del Ateneo de Madrid Depósito 2 17/01/2008     F-1828 1160709 23/02/2023 23/02/2023 Libro impreso antiguo